Hauptbahnhöfe - Statistiken

Allgemein
  • Dieses Quiz wurde 46 mal gespielt
  • Das Durchschnittsergebnis liegt bei 5 aus 16
Antwortstatistiken
Bildquiz Antwort % Korrekt
Berlin
84%
Frankfurt
61%
Köln
55%
Stuttgart
53%
Bremen
42%
Dresden
39%
München
26%
Dortmund
18%
Kiel
16%
Magdeburg
13%
Augsburg
11%
Potsdam
11%
Aachen
8%
Rostock
8%
Bielefeld
5%
Schwerin
3%
Keine übereinstimmenden Quizze gefunden
Verteilung der Resultate
Anzahl Personen mit jedem Resultat
Perzentil nach korrekt beantworteten Fragen
Ihre Resultats-Entwicklung
Sie haben dieses Quiz noch nicht gespielt